Loading...
| History - World | 0 | 6 | 0 | 0 | 60 | 40 | 85.33 | 1 | 1 | 0.00 | 0.00 |
| Fine Arts - Classical Music | 0 | 6 | 0 | 0 | 60 | 37 | 94.67 | 0 | 1 | 0.00 | 0.00 |
| Social Science | 0 | 6 | 0 | 1 | 60 | 59 | 78.83 | 0 | 1 | 0.00 | 0.00 |
| Fine Arts - Painting and Sculpture | 0 | 5 | 0 | 0 | 50 | 66 | 91.40 | 0 | 3 | 0.00 | 0.00 |
| Science - Other | 0 | 5 | 0 | 3 | 50 | 15 | 93.00 | 1 | 1 | 0.00 | 0.00 |
| Science - Physics | 0 | 5 | 1 | 1 | 45 | 83 | 104.40 | 0 | 0 | 0.00 | 0.00 |
| History - Other | 0 | 4 | 0 | 2 | 40 | 81 | 112.50 | 0 | 0 | 0.00 | 0.00 |
| Religion | 0 | 3 | 0 | 0 | 30 | 98 | 102.33 | 1 | 1 | 0.00 | 0.00 |
| Fine Arts - Other | 0 | 4 | 2 | 0 | 30 | 66 | 101.75 | 0 | 1 | 0.00 | 0.00 |
| History - European | 0 | 3 | 1 | 1 | 25 | 83 | 99.67 | 0 | 0 | 0.00 | 0.00 |
| Literature - American | 0 | 2 | 0 | 0 | 20 | 93 | 117.50 | 0 | 0 | 0.00 | 0.00 |
| Literature - European | 0 | 2 | 0 | 0 | 20 | 106 | 116.50 | 0 | 1 | 0.00 | 0.00 |
| Philosophy | 0 | 2 | 0 | 1 | 20 | 110 | 113.00 | 0 | 0 | 0.00 | 0.00 |
| Current Events | 0 | 2 | 1 | 0 | 15 | 46 | 48.00 | 0 | 1 | 0.00 | 0.00 |
| Science - Chemistry | 0 | 1 | 0 | 0 | 10 | 119 | 119.00 | 0 | 0 | 0.00 | 0.00 |
| Literature - World | 0 | 1 | 0 | 0 | 10 | 104 | 104.00 | 0 | 0 | 0.00 | 0.00 |
| Science - Biology | 0 | 1 | 0 | 1 | 10 | 108 | 108.00 | 0 | 0 | 0.00 | 0.00 |
| Literature - British | 0 | 1 | 0 | 0 | 10 | 124 | 124.00 | 0 | 0 | 0.00 | 0.00 |
| Geography | 0 | 1 | 0 | 0 | 10 | 109 | 109.00 | 0 | 0 | 0.00 | 0.00 |
| Mythology | 0 | 1 | 1 | 0 | 5 | 139 | 139.00 | 0 | 0 | 0.00 | 0.00 |
| History - American | 0 | 1 | 1 | 0 | 5 | 89 | 89.00 | 0 | 0 | 0.00 | 0.00 |